| 000 | 01665nam a22002297a 4500 | ||
|---|---|---|---|
| 999 |
_c93849 _d93849 |
||
| 003 | NALT | ||
| 005 | 20210622142309.0 | ||
| 008 | 171011b th ||||| |||| 00| 0 tha d | ||
| 040 | _aNALT | ||
| 050 |
_aDS 586 _bภ671ร 2559 |
||
| 110 | 2 |
_aกองทัพเรือ. _bกรมกิจการพลเรือนทหารเรือ _919352 |
|
| 245 | 1 | 0 |
_aเรือของพ่อ : _bภาพยนตร์สารคดีน้อมรำลึกในพระมหากรุณาธิคุณพระบาทสมเด็จพระปรมินทรมหาภูมิพลอดุลยเดช / _cกองทัพเรือ อำนวยการสร้าง ; กรมกิจการพลเรือนทหารเรือ อำนวยการผลิต. |
| 260 |
_aกรุงเทพฯ : _bกองทัพเรือ, _c2559. |
||
| 300 |
_a96 หน้า : _bภาพประกอบ ; _c15x15 ซม. |
||
| 600 | 0 | 0 |
_aภูมิพลอดุลยเดช, _cพระบาทสมเด็จพระปรมินทรมหา, _d2470-2559 _xพระราชกรณียกิจ _94809 |
| 610 | 2 | 4 |
_aศูนย์การเรียนรู้ทฤษฎีใหม่ ศูนย์ฝึกทหารใหม่ กรมยุทธศึกษาทหารเรือ _919357 |
| 610 | 2 | 4 |
_aกองทัพเรือ _zไทย _xเหตุการณ์พิเศษ _919351 |
| 850 | _aNALT | ||
| 942 |
_cGB _2lcc |
||
| 998 |
_abijaya _c101 _j104 _k สายฝน ดีงาม |
||